000
00300 a2200121 4500
001
64935
040
_c
Anchieta - Pituba
240
1
0
_a
3ª Avaliação multidisciplinar, 3ª série
_l
por
245
1
0
_a
3ª Avaliação multidisciplinar, 3ª série
362
0
_a
2018
650
4
_a
Linguagem
942
_c
BK
999
_c
64935
_d
64935